• 首页
  • 本馆介绍
  • 公告通知
  • 最新文献
  • 馆藏检索
  • 电子资源
  • 读者导购
  • 参考咨询
  • 我的图书馆
  • 登录
  • 详细信息显示
  • 放入我的书架
  • 预约/预借图书
  • 作者相关作品
  • 分类相关作品
  • 丛书相关作品
  • 出版社相关作品

书目信息

  • 表格格式
  • 工作单格式
  • 卡片格式
书名: Success with English
作者: Geoffrey Broughton.
分册号:
分册名:
出版地: Harmondsworth :
 
出版社: Penguin Books
出版时间: 1968.
页数: 303 p.
开本:
丛书名: Success with English: the Penguin course
中图分类号:
科图分类号:
其他分类号: H319.9
主题词:
电子资源:
000 00600nam 22002057a 4500
001 E0760061060
005 20070207164858.89
008 0305151968 enka 001 0 eng d
020    @a0140801804 :@cCNY1.30.
040    @aNUL@cNUL
090    @aJ688.4/W395/1970
090    @aH319.9
099    @dH319.9@ex4
100 1  @aBroughton, Geoffrey.
245 10 @aSuccess with English :@bcoursebook 1 / @cGeoffrey Broughton.
260    @aHarmondsworth :@bPenguin Books,@c1968.
300    @a303 p.
440  0 @aSuccess with English: the Penguin course
500    @aCover title.
920    @a232010@z2
    
    Success with English : : coursebook 1 / / Geoffrey Broughton.-Harmondsworth : : Penguin Books, , 1968.
    303 p.- (Success with English: the Penguin course )
    Cover title.
    
    ISBN 0140801804 :CNY1.30.
    
●
相关链接 在E读中查询图书 在五车中查询图书 在当当中查询图书 在豆瓣中查询图书


正题名:Success with English     索取号:H319.9/x4         预约/预借

序号 登录号 条形码 馆藏地/架位号 状态 备注
1 107078   000436200   第四借阅区/ [索取号:H319.9/x4] 在馆    
2 107079   000436193   第四借阅区/ [索取号:H319.9/x4] 在馆    
3 107080   000436139   第四借阅区/ [索取号:H319.9/x4] 在馆    
4 180767   000436166   第四借阅区/ [索取号:H319.9/x4] 在馆    
5 180768   000436095   第四借阅区/ [索取号:H319.9/x4] 在馆    
6 180769   000436013   第四借阅区/ [索取号:H319.9/x4] 在馆    
7 180770   000436059   第四借阅区/ [索取号:H319.9/x4] 在馆    
8 180771   000436157   第四借阅区/ [索取号:H319.9/x4] 在馆    
9 180772   000436148   第四借阅区/ [索取号:H319.9/x4] 在馆    
唐山师范学院图书馆 欢迎您!
大连网信软件有限公司© 版权所有